guess the project sekai character - Statistics

General Stats
  • This quiz has been taken 3,988 times
  • The average score is 19 of 20
Answer Stats
Picture Answer % Correct
emu otori
99%
nene kusanagi
99%
rui kamishiro
97%
tsukasa tenma
97%
ena shinonome
96%
kanade yoisaki
96%
mafuyu asahina
96%
mizuki akiyama
96%
akito shinonome
95%
an shiraishi
95%
saki tenma
95%
toya aoyagi
95%
airi momoi
94%
kohane azusawa
93%
minori hanasato
93%
shiho hinomori
93%
shizuku hinomori
92%
haruka kiritani
91%
honami mochizuki
91%
ichika hoshino
91%
No matching quizzes found
Score Distribution
Percent of People with Each Score
Percentile by Number Answered
Your Score History
You have not taken this quiz